000 00357nam a22001577a 4500
003 OSt
005 20250228101814.0
007 163 pages
008 250228b |||||||| |||| 00| 0 eng d
020 _a9788129142153
040 _c
082 _a922
_bKAL
245 _aLearning How to fly
_cAbdul Kalam,A.P.J
260 _bRupa
_c2024
942 _2ddc
_cBK
_n0
999 _c36159
_d36159